Свобода (Запис № 423997)
[ простий вигляд ]
| 000 -Лідер | |
|---|---|
| fixed length control field | 00886nam a22002177a 4500 |
| 001 - Контрольний номер | |
| control field | 44109 |
| 003 - Ідентифікатор контрольного номера | |
| control field | UA-OsUOA |
| 005 - Дата та час останнього входження (трансакції) | |
| control field | 20220818151148.0 |
| 007 - Фіксоване поле фізичного опису | |
| fixed length control field | ta |
| 008 - Елементи даних фіксованої довжини – загальна інформація | |
| fixed length control field | 20100216b un ||||| |||| 00| 0 ukr d |
| 040 ## - Джерело каталогізації | |
| Агенція оригінальної каталогізації | UA-OsUOA |
| Мова каталогізації | ukr |
| Агенція, яка здійснювала перезапис | UA-OsUOA |
| Агенція, яка здійснювала модифікацію | UA-OsUOA |
| 041 ## - Код мови | |
| Код мови тексту/ звукової доріжки чи окремого заголовка (П) | ukr |
| 080 ## - Індекс Універсальної десяткової класифікації | |
| Індекс Універсальної десяткової класифікації (УДК) (НП) | 050 |
| 090 ## - Локальний шифр розміщення | |
| Класифікаційний індекс УДК | 050 |
| Авторський знак (НП) | С25 |
| 245 ## - Відомості про назву | |
| Назва (НП) | Свобода |
| Решта назви (НП) | 2008: 1 травня, Ч.20; 30 травня, Ч. 22; 6 червня, Ч. 23; 13 червня, Ч. 24; 20 червня, Ч. 25; 27 червня, Ч. 2; 2010: 15 січня, №117 |
| 650 #7 - Додаткове предметне введення – тематичний термін | |
| Тематичний термін чи географічна назва, як елемент введення (НП) | 050 Серійні публікації. Періодика галузі, Організація та інші типи поєднання (співробітництва) |
| Джерело заголовка чи терміна | UDC |
| 942 ## - Додаткові елементи входу (Коха) | |
| Тип елемента Koha | Газета |
| Source of classification or shelving scheme | Universal Decimal Classification |
| 955 ## - Код типу видання за змістом | |
| Код типу видання за змістом (НП) | Науково-популярні видання |
Немає доступних примірників.